| Поле | Инд. | ПП | Название | Значение |
|---|---|---|---|---|
| Тип записи | a | |||
| Библиографический уровень | b | |||
| 001 | Контрольный номер | RU/IS/BASE/103743134 | ||
| 005 | Дата корректировки | 20200522190756.6 | ||
| 084 | a | Индекс другой классификации/Индекс ББК | 65.28(2Рос) | |
| 100 | 1_ | a | Автор | Алимусаев Г. |
| q | Полное имя | Алимусаев Гаджи | ||
| 245 | a | Заглавие | Лес рубят... | |
| 504 | a | Библиография | Библиогр. | |
| 520 | a | Аннотация | О некоторых актуальных аспектах проблемы организационного эколого-экономического регулирования природопользования в России | |
| 650 | a | Основная рубрика | экономика | |
| a | Основная рубрика | экономика природопользования | ||
| 653 | a | Ключевые слова | восстановление леса | |
| a | Ключевые слова | государственное регулирование | ||
| a | Ключевые слова | заповедники | ||
| a | Ключевые слова | лесная промышленность | ||
| a | Ключевые слова | национальные парки | ||
| a | Ключевые слова | охрана окружающей среды | ||
| a | Ключевые слова | природные условия | ||
| a | Ключевые слова | природоохранное законодательство | ||
| a | Ключевые слова | природопользование | ||
| a | Ключевые слова | природосбережение | ||
| a | Ключевые слова | Россия | ||
| a | Ключевые слова | управление природопользованием | ||
| a | Ключевые слова | хозяйственная деятельность | ||
| a | Ключевые слова | экологические издержки | ||
| 773 | t | Заглавие источника | РИСК: ресурсы, информация, снабжение, конкуренция | |
| d | Дата издания источника | 2003 | ||
| g | Прочая информация | № 1. - С. 96 - 101 : табл., схем. | ||
| w | Контрольный № источника | RU/IS/BASE/102175616 | ||
| 901 | t | Тип документа | b |